| 000 | 00749nam a2200241 i 4500 | ||
|---|---|---|---|
| 001 | bgj | ||
| 100 | 1 |
_aFLAUBERT, Gustave _d(1821-1880). |
|
| 245 | 1 | 0 |
_aThe Sentimental Education / _cGustave Flaubert ; translated by Perdita Burlingame. |
| 260 |
_aGarden City (NY) : _bInternational Collectors Library, _cc. 1972. |
||
| 300 |
_a397 pp ; _c22 cm. |
||
| 650 | 9 | _aYoung men | |
| 650 | 9 | _aMarried women | |
| 650 | 9 | _aUnrequited love | |
| 651 | 9 | _aParis (|France) | |
| 651 | 9 |
_aFrance _xHistory _yFebruary Revolution, 1848 |
|
| 651 | 9 |
_aParis (|France) _xHistory _yJune Days, 1848 |
|
| 655 | _aFiction | ||
| 700 | 1 |
_aBURLINGAME, Perdita. _etransl. |
|
| 040 | _cBPK | ||
| 041 | 0 | _aeng | |
| 942 | _cKS | ||
| 008 | s uk f |000 0 eng | ||
| 999 |
_c48554 _d48554 |
||
| 856 |
_uhttp://koha.tu.koszalin.pl/cgi-bin/koha/opac-detail.pl?biblionumber=48554 _yKatalog online BPK |
||